000 00373nam a22001457a 4500
005 20251007123847.0
008 250929b |||||||| |||| 00| 0 eng d
020 _a978-93-48189-28-8
041 _aeng
100 _aCHATURVEDI, PHANEENDRA NATH
_98706
245 _aRASHTRA KE AMAR SENANI
260 _aUTTAR PRADESH
_bAKSHAR PLANT
_c2024
300 _a176;P
942 _cBK
999 _c8850
_d8848